Mire jó a költő ínséges időkben
Elmentve itt :
| Szerző: | |
|---|---|
| Adatforrás: | Meister |
| Forrásdokumentuma: | A Hét. - 14 sz., 1999, 7 p. |
| Nyelv: | magyar |
| Kulcsszavak: | kultúrfilozófia kultúra liberalizmus értelmiség kulturális mező doxa TOURAINE Alain BOURDIEU Pierre ZOLA Emile |
| LEADER | 00563nab a2200217 i 4500 | ||
|---|---|---|---|
| 001 | bibPRO00007849 | ||
| 008 | 060524s1999 xx hun | ||
| 040 | |a Sz1 | ||
| 041 | |a hun | ||
| 100 | 1 | |a OSVÁTH Annamária | |
| 245 | 1 | 0 | |a Mire jó a költő ínséges időkben |c OSVÁTH Annamária |
| 695 | |a kultúrfilozófia | ||
| 695 | |a kultúra | ||
| 695 | |a liberalizmus | ||
| 695 | |a értelmiség | ||
| 695 | |a kulturális mező | ||
| 695 | |a doxa | ||
| 695 | |a TOURAINE Alain | ||
| 695 | |a BOURDIEU Pierre | ||
| 695 | |a ZOLA Emile | ||
| 773 | 0 | |t A Hét. - |g 14 sz., 1999, 7 p. | |